Представление документа в формате MARC21

Поле Инд. ПП Название Значение
Тип записи a
Библиографический уровень m
001 Контрольный номер c896b977-525e-49fc-8842-7e0c61bcc41d
005 Дата корректировки 20140703143101.2
008 Кодируемые данные 020624
020 c Цена, тираж б/ц
040 a Служба первич. каталог. НБ ТвГУ
041 a Код языка текста rus
080 a Индекс УДК 811.161.1'367(043.3)
084 a Индекс другой классификации/Индекс ББК Ш143.21-227.4я031
090 x Авторский знак П84
a Полочн. индекс Ш143.21
100 1_ a Автор Прохожаева Л. П.
245 11 a Заглавие "Неполные" вопросы в современном английском диалоге
b Продолж. заглавия автореф. дис. ... канд. филол. наук : 10.663
c Ответственность М-во высш. и сред. спец. образования, Калинин. гос. ун-т
260 0_ a Место издания Калинин
b Издательство КГУ
c Дата издания 1972
300 a Объем 22, [1] с.
500 a Примечание Текст рус., англ. - На правах рукоп.
504 a Библиография Библиогр.: с.21-23 и в подстроч. примеч.
583 a Действие Получение впервые 92 21.03.2006
650 a Основная рубрика Английский язык
x Основная подрубрика Синтаксис
x Основная подрубрика Диалогическая речь
653 a Ключевые слова Английский язык
a Ключевые слова Синтаксис английского языка
a Ключевые слова Диалогическая речь
a Ключевые слова Диалоги
a Ключевые слова Авторефераты
852 t Порядковый номер экземпляра 2
p Инвентарный номер б/н
888 a Бесплатные
930 a Новая/Ретро авторефераты
952 p 92.2006 б/ц 2 б/н
c Вид литературы А/Р н
954 a Дата поступления на обработку 20060323
999 a Подразделение 2 ч.з.